| 000 | 00883cam a2200265 4500 | ||
|---|---|---|---|
| 001 | sa 68014740 | ||
| 003 | DLC | ||
| 005 | 20260227112635.0 | ||
| 008 | 700217s1968 ii b 000 0 eng | ||
| 010 | _asa 68014740 | ||
| 025 | _aPL480:I-E-11064 | ||
| 040 |
_aDLC _cDLC _dDLC |
||
| 050 | 0 | 0 |
_aBL1120 _b.R3 1968 |
| 082 | 0 | 0 | _a294.5/921 |
| 100 | 1 |
_aRanade, R. D. _q(Ramchandra Dattatraya). |
|
| 245 | 1 | 2 |
_aA constructive survey of Upanishadic philosophy; _bbeing an introduction to the thought of the Upanishads, _cby R. D. Ranade. |
| 250 | _a[2d ed.] | ||
| 260 |
_aBombay, _bBharatiya Vidya Bhavan, _c1968. |
||
| 300 |
_axxx, 340 p. _c26 cm. |
||
| 350 | _a20.00 | ||
| 504 | _aList of author's other works included in the appendix: p. 339-340. | ||
| 504 | _aBibliographical footnotes. | ||
| 630 | 0 | 0 |
_aUpanishads _xCriticism, interpretation, etc. |
| 650 | 0 | _aHindu philosophy. | |
| 999 |
_c86014 _d86014 |
||